000 00586nam a2200241Ia 4500
003 OSt
005 20220924151713.0
006 a|||||r|||| 00| 0
007 ta
008 220923b |||||||| |||| 00| 0 tel d
020 _c12.00
024 _a338769
037 _cTextual
040 _aARTS
_cARTS
_btel
041 _2tel
_atel
082 _aV2:51xM89:g, 35L5
100 _aMitrokhin
_9224795
245 0 _aJawahar lal Nehru
260 _c1975
650 _aHISTORY
942 _hV2:51xM89:g, 35L5
_cTEXL
_2CC
999 _c467470
_d467470